1442 1659 1879 1411 1654 1412 1509 1196 1774 1836 1011 1847 1665 1702 1766 1311 1691 1267 1856 1016 1632 1585 1004 1716 1061 1035 1261 1050 1472 1294 1244 1446 1576 1505 1393 1941 1949 1165 1308 1733 1432 1442 1649 1619 1244 1359 1519 1423 1520 1526 1450 1938 1993 1352 1983 1670 1853 1108 1604 1623 1641 1336 1788 1254 1688 1219 1247 1536 1259 1540 1975 1657 1320 1328 1493 1773 1934 1294 1869 1028 1329 1694 1405 1816 1119 1906 1564 1921 1327 1810 1200 1954 1691 1854 1796 1114 1129 1702 1039 BCNSPRNW ULIB Ver.6.0+V

เปลี่ยนเป็นภาษาไทย

Change to English
 แสดงรายละเอียดบรรณานุกรม
  กลับหน้าหลัก

Brief Record : Get Marc (ISO 2709) : E-mail record : QR code < ปิดหน้าต่าง
LEADER : 00000nam 2200000uu 4500
001    13399121231
003     ULIB
008    121109s2546||||th 000 0 tha d
020    ^a9749173910
041 0  ^atha/eng
050  4 ^aPN^bป328บ 2546
100 0  ^aประพิศ พงศ์พานิช
245 10 ^aบทสนทนาภาษาอังกฤษสำหรับบุคลากรทางการแพทย์.^nbook three =^bEnglish for the medical profession : doctors, nurses,students, everyone involved in health care /^c[คณะผู้จัดทำ, ประพิศ พงษ์พานิช, บ็อบ ก็อดสัน]
246 14 ^aEnglish for the medical profession in patients :^bบทสนทนาภาษาอังกฤษสำหรับบุคลากรทางการแพทย์
246 31 ^aEnglish for the medical profession : doctors, nurses,students, everyone involved in health care
250    ^aพิมพ์ครั้งที่ 2
260    ^aกรุงเทพฯ :^bโรงพยาบาลบีเอ็นเอช(บางกอกเนอสซิ่งโฮม),^c2546
300    ^a121 หน้า :^bภาพประกอบ ;^c22 ซม.
650  4 ^aภาษาอังกฤษ^xบทสนทนาและวลี
653    ^aOpen Your Eyes Project
700 1  ^aก็อดสัน, บ็อบ
945    ^p150^l0^i13566
945    ^p150^l0^i13825
945    ^p150^l0^i13826
945    ^p150^l0^i13827
945    ^p150^l0^i24151
995    ^aวิภา
999 ^a ทศพร
รายการนี้ยังไม่มีแท็ก
คุณยังไม่ได้ล็อกอิน คุณสามารถมีกิจกรรมร่วมกับเว็บไซต์ได้ แต่ต้องล็อกอินก่อน ::
  ล็อกอิน

รายการสื่อสารสนเทศ

ลำดับที่ ประเภท เลขเรียก/บาร์โค้ด สถานที่ สถานะ
1. วิทยาศาสตร์การแพทย์ และสุขภาพ
วิทยาศาสตร์การแพทย์ และสุขภาพ
PN ป328บ 2546  
  Barcode: 13566
ห้องสมุดวิทยาเขตสวรรค์ประชารักษ์
►หนังสือทั่วไป
บนชั้น
2. วิทยาศาสตร์การแพทย์ และสุขภาพ
วิทยาศาสตร์การแพทย์ และสุขภาพ
PN ป328บ 2546 ฉ.2 
  Barcode: 13825
ห้องสมุดวิทยาเขตสวรรค์ประชารักษ์
►หนังสือทั่วไป
บนชั้น
3. วิทยาศาสตร์การแพทย์ และสุขภาพ
วิทยาศาสตร์การแพทย์ และสุขภาพ
PN ป328บ 2546 ฉ.3 
  Barcode: 13826
ห้องสมุดวิทยาเขตสวรรค์ประชารักษ์
►หนังสือทั่วไป
บนชั้น
4. วิทยาศาสตร์การแพทย์ และสุขภาพ
วิทยาศาสตร์การแพทย์ และสุขภาพ
PN ป328บ 2546 ฉ.4 
  Barcode: 13827
ห้องสมุดวิทยาเขตสวรรค์ประชารักษ์
►หนังสือทั่วไป
บนชั้น
5. วิทยาศาสตร์การแพทย์ และสุขภาพ
วิทยาศาสตร์การแพทย์ และสุขภาพ
PN ป328บ 2546 ฉ.5 
  Barcode: 24151
ห้องสมุดวิทยาเขตสวรรค์ประชารักษ์
►หนังสือทั่วไป
บนชั้น

รายการใกล้เคียง
    ผู้แต่ง [ประพิศ พงศ์พานิช]

BibComment


ยังไม่เคยถูกคอมเมนท์

คอมเมนท์ทรัพยากรรายการนี้
  คอมเมนท์: บทสนทนาภาษาอังกฤ..


 Copyright 2026. Bcnsprnw @Library